myForesight : MALAYSIA'S NATIONAL FORESIGHT MAGAZINE . 2/2013

Bibliographic Details
Format: Book

MARC

LEADER 00000cam a2200000 7i4500
001 0000315607
005 20241025161621.0
006 ao ### ###
007 ta
008 240209 my may
040 |a MBPJ   |b eng   |c MBPJ   |e rda 
090 4 |a BUL 363 
110 2 |a MIGHT   |e issuing body 
245 0 0 |a myForesight :   |b MALAYSIA'S NATIONAL FORESIGHT MAGAZINE .   |n 2/2013   |c MIGHT 
264 0 |a Cyberjaya :   |b Malaysian Foresight Institute   |c 2013 
300 |a 42 pages :   |b colour photographs ;   |c 27 cm. 
336 |a text  |2 rdacontent 
337 |a unmediated  |2 rdamedia 
338 |a volume  |2 rdacarrier 
500 |a Buletin myForesight 
500 |a Library has 2 copies 
999 |a BA2481/24   |b BULETIN   |c KOLEKSI BAHAN ARKIB   |e PERPUSTAKAAN KOMUNITI PETALING JAYA 
999 |a BA2482/24   |b BULETIN   |c KOLEKSI BAHAN ARKIB   |e PERPUSTAKAAN KOMUNITI PETALING JAYA